| 000 | 00425nam a22001337a 4500 | ||
|---|---|---|---|
| 999 |
_c510030 _d510030 |
||
| 020 | _a9780367200459 | ||
| 082 | _aC41x54 N153d | ||
| 245 |
_aDiscourse on rights in India: _bdebates and dilemmas _cedited by Bijayalaxmi Nanda and Nupur Ray |
||
| 260 |
_aNew York _bRoutledge _c2019 |
||
| 300 | _axix, 413p. | ||
| 650 |
_aHuman rights -- India. _98221 |
||
| 700 |
_aNanda, Bijayalaxmi, ed. _97132 |
||
| 700 |
_aRay, Nupur, ed. _97133 |
||